000 00470nam a22001697a 4500
005 20240613051435.0
008 240613b |||||||| |||| 00| 0 eng d
020 _a9788123431789
082 _222
_a301
_bSIV
100 _aSivasubramaniyen. A
245 _aAdithala Makkal Varalaru
_cA.Sivasubramaniyam
260 _aChennai
_bNew Century Book House Pvt. Ltd
_c2018
300 _axvi, 308 p .,
650 _aTamil Literature
650 _a History
942 _cL
999 _c5898
_d5898